| 000 | 00882cam a22002897i 4500 | ||
|---|---|---|---|
| 008 | |||
| 020 | _a9781446274958 (pbk.) | ||
| 049 | _aMAIN | ||
| 090 |
_aHD30.3 _bCOR |
||
| 100 | 1 | _aCornelissen, Joep. | |
| 245 | 1 | 0 |
_aCorporate communication : _ba guide to theory & practice / _cJoep Cornelissen. |
| 250 | _a4th ed. | ||
| 260 |
_aLos Angeles : _bSAGE, _c2014. |
||
| 300 |
_axxi, 294 p. : _bill. ; _c25 cm. |
||
| 500 | _aIncludes index. | ||
| 504 | _aIncludes bibliographical references. | ||
| 650 | 0 | _aCommunication in management. | |
| 650 | 0 | _aBusiness communication. | |
| 650 | 7 | _aBusiness communication. | |
| 650 | 7 | _aCommunication in management. | |
| 650 | 7 | _aCorporate Communication. | |
| 907 |
_a.b10378376 _b21-02-17 _c21-02-17 |
||
| 003 | |||
| 005 | 20230123122241.0 | ||
| 040 | _cNUST | ||
| 942 |
_cBOOKS _kHD30.3 _mCOR |
||
| 999 |
_c130415 _d130415 |
||